000 01148cam a2200241 4500
001 ABS66581
008 030429n2003 000 0 eng u
035 _a(Sirsi) u122101
100 _aBruhns, H.
245 _aUse data to build better buildings
260 _c2003
490 _aEstates Gazette
_v(0313) 29 March 2003, 101(1)
520 _aSuggests that achieving a sustainable built environment requires the development of an information infrastructure that contains statistical data on the UK's built stock. Gives the example of a university research team who developed a GIS database to provide wall-to-floor ratios for buildings of different types and sizes. This was then used for an energy model of England and Wales. Concludes that this kind of information base is of great value to the property industry and that the industry should therefore back similar research.
590 _aABS
650 _aBUILT ENVIRONMENT
650 _aGIS
650 _aGIS
650 _aSustainability
_96271
650 _aENERGY MANAGEMENT
650 _aPROPERTY INDUSTRY
690 _aBUILT ENVIRONMENT-SUSTAINABLE CONSTRUCTION
942 _n0
999 _c72555
_d72555